000 01653cam a22004694i 4500
003 PE-LiUPU
005 20250731173301.0
008 150616s r 000 0 d
035 _a(Sirsi) a3611
040 _aPE-LiUPU
_bspa
_cPE-LiUPU
_erda
049 _aPRUA
082 0 4 _a264
_bD49
_221
100 1 _aPozo Moras, Luis Alberto del,
_eautor.
245 1 0 _aSeminario Adventista Latinoamericano sede del Seminario Adventista Unión: Materiales sobre Culto y Adoración.
264 1 _aLima :
_bDepartamento de Publicaciónes,
_c1981.
300 _a77 páginas ;
_c28 cm.
336 _atext
_2rdacontent
337 _aunmediated
_2rdamedia
338 _avolume
_2rdacarrier
500 _aIncluye Sílabo y desarrollo del curso. Edición mimeografiada.
504 _aIncluye bibliografía.
505 0 _aSílabo -- Materiales sobre culto y adoración -- La adoración: una doctrina bíblica.
526 _aSEG42
526 _aSEG41
526 _aSEG40
526 _aSEG39
526 _aP94
526 _aP87
526 _aP86
526 _aP85
526 _aP77
526 _aP76
526 _aP35
650 0 4 _aCULTO.
910 _ajck
_bjvq
_cjck
942 _2ddc
_cBOOK
949 _a264 D49
_wDEWEY
_c1
_i27578
_lCCODEBUL1
_mBUL
_p00.00
_r0
_sY
_tBOOK
_u2015-04-23
_xTEOLOGIA
_zUNKNOWN
_0COMPRA
_o.STAFF. Colección General
994 _aC0
_bPEPRU
596 _a1
999 _a264 D49
_wDEWEY
_c44146
_i27578
_d44146
_e2018-11-23
_f2021-11-12
_g5
_lCCODEBUL1
_mBUL
_n2
_q6
_r0
_sY
_tBOOK
_u2015-4-23
_xTEOLOGIA
_zUNKNOWN
_0COMPRA
_o.STAFF. Colección General
980 _81
_gALBERTO SANCHEZ Responsable de Automatización